000 00697nam a2200229 i 4500
001 68300
003 ES-MaACL
005 20230906170241.0
007 t|
008 040616s2004 sp af ||||1|bspa d
020 _a84-95839-60-1
080 _a791.44 Isasi-Isasmendi, Antonio
100 1 _aIsasi-Isasmendi, Antonio.
_965543
245 1 0 _aMemorias tras la cámara
_b: cincuenta años de UN cine español /
_cAntonio Isasi-Isasmendi.
250 _a1ª ed.
260 _aMadrid :
_bOcho y Medio,
_c2004.
300 _a452 p., XL p. de lám. ;
_c21 cm.
500 _aÍndice.
600 1 4 _aIsasi-Isasmendi, Antonio.
_965543
650 _aCine-
_zEspaña.
_911025
852 _aES-MaACL
_jL-27968
999 _c68300
_d68300